UK Town and City Trivia - Hereford - Statistics

General Stats
  • This quiz has been taken 7 times
  • The average score is 8 of 15
Answer Stats
Hint Answer % Correct
Domestic animal breed named for the city and county of Hereford Cattle
100%
Ancient charter, dating from 1217, held at Hereford Cathedral Magna Carta
83%
Method used to tether books in the Hereford Cathedral library Chains
67%
Medieval map on display at Hereford Cathedral Mappa Mundi
67%
Elite army unit based just outside Hereford at 'Stirling Lines' SAS
67%
Large Shropshire town linked to Hereford in 1853 by a new railway Shrewsbury
67%
Hereford conflict of 1645 during the English Civil War {Siege} of Hereford
67%
Historical border region in which Hereford is located Welsh {March}es
67%
Cider making company first formed in Hereford in 1887 Bulmers
50%
Hereford born Beryl Reid had an early film role in this 1954 comedy The Belles of St. {Trinian}'s
50%
River that flows through Hereford Wye
50%
Reigning monarch who granted a charter to Hereford in 1189 Richard I
33%
King who visited the unfinished Hereford Cathedral in 1138 Stephen
33%
Hereford born Muppet show puppeteer and original voice of Miss Piggy Frank Oz
17%
Music festival held in Hereford every three years Three {Choirs}
17%
No matching quizzes found
Score Distribution
Percent of People with Each Score
Percentile by Number Answered
Your Score History
You have not taken this quiz